| 000 | 00572nam a2200193Ia 4500 | ||
|---|---|---|---|
| 999 |
_c37491 _d37491 |
||
| 003 | OSt | ||
| 005 | 20210303100735.0 | ||
| 008 | 190216s9999||||xx |||||||||||||| ||und|| | ||
| 020 | _a9789380853406 | ||
| 040 | _coclc | ||
| 082 |
_a576.5 _bHAR/G |
||
| 100 |
_aHartl, Daniel L _94917 |
||
| 245 | 0 |
_aGenetics : _bAnalysis Of Genes And Genomes / _cDaniel L Hartl ; Maryellen Ruvolo |
|
| 250 | _a8th Ed. | ||
| 260 |
_bJones And Bartlett, _c2012. _aNew Delhi: |
||
| 300 | _a800p | ||
| 650 | _aZoology | ||
| 942 |
_cBK _2ddc _h576.5 _iHAR/G _k576.5 _mHAR/G |
||